Normal view
MARC view
Entry Topical Term
001 - CONTROL NUMBER
- control field: 53003
003 - CONTROL NUMBER IDENTIFIER
- control field: OSt
005 - DATE AND TIME OF LATEST TRANSACTION
- control field: 20250513145025.0
008 - FIXED-LENGTH DATA ELEMENTS
- fixed length control field: 250513|| aca||aabn | a|a d
040 ## - CATALOGING SOURCE
- Original cataloging agency: OSt
- Transcribing agency: OSt
150 ## - HEADING--TOPICAL TERM
- Topical term or geographic name entry element: Final outcome, Exit polls, Winning party/alliance, Runner-up party/alliance, Accuracy.
670 ## - SOURCE DATA FOUND
- Source citation: Work cat.: (OSt): Lobow, Nathan Marcus 53002, Analysing exit poll outcomes and their accuracy across Indian state assembly elections through descriptive statistics
